[Event "XXXIV Open"]
[Site "Seville ESP"]
[Date "2009.01.26"]
[Round "4"]
[White "Torres Ventosa,P"]
[Black "Pogorelov,R"]
[Result "0-1"]
[WhiteElo "2134"]
[BlackElo "2451"]

1.d4 Nf6 2.Bg5 e6 3.e3 c5 4.c3 cxd4 5.exd4 Be7 6.Nd2 b6 7.Ngf3 O-O 8.Bd3 Ba6
9.Bxa6 Nxa6 10.Qe2 Nc7 11.O-O b5 12.Ne5 Nfd5 13.Bxe7 Qxe7 14.f4 f6 15.Nd3 f5
16.Rae1 Nf6 17.Rf3 d5 18.Ne5 Ne4 19.Rh3 g6 20.Rf1 a6 21.Rff3 Qg7 22.Rh4 Ne8
23.Rfh3 N8f6 24.Ndf3 b4 25.cxb4 Rfc8 26.Nd3 Rc4 27.Nfe5 Rxd4 28.Qe3 Rc4 29.Nxc4 dxc4
30.Ne5 Rd8 31.Rf3 Qc7 32.h3 Rd2 33.Kh2 Rxb2 34.Qd4 c3 35.Nd3 Rd2 36.Rf1 c2
37.Rc1 Kg7 38.Qe3 g5 39.Nc5 Qd6 40.Nxe4 Nxe4 41.Rh5 Kg6 42.Rxg5+ Nxg5 43.Qg3 h6
44.h4 Rd5 45.Qf2 Ne4 46.h5+ Kxh5 47.Qe2+ Kg6 48.Rxc2 Qxf4+ 49.Kg1 Re5 50.Qd1 Qh4  0-1

[Event "7th Gibtelecom Masters"]
[Site "Caleta ENG"]
[Date "2009.01.27"]
[Round "1"]
[White "Aerni,A"]
[Black "De Lillo,M"]
[Result "1/2-1/2"]
[WhiteElo "2102"]
[BlackElo "1918"]

1.d4 Nf6 2.Bg5 e6 3.e4 h6 4.Bxf6 Qxf6 5.c3 c5 6.Nf3 cxd4 7.cxd4 Bb4+ 8.Nc3 Nc6
9.e5 Qd8 10.Bd3 b6 11.O-O Bxc3 12.bxc3 Bb7 13.Nd2 d5 14.f4 O-O 15.f5 exf5
16.Bxf5 Bc8 17.Bc2 Be6 18.Nf3 f5 19.Qe1 Rc8 20.Nh4 Qg5 21.Qg3 Qxg3 22.hxg3 Ne7
23.Rac1 g5 24.Nf3 Kg7 25.Bb3 Rc7 26.Nd2 Rfc8 27.Rf3 b5 28.a3 Ng6 29.Ba2 f4
30.Nb3 Bg4 31.Rf2 fxg3 32.Rff1 Rxc3 33.Nc5 Rxc1 34.Rxc1 Nf4 35.Re1 Kf7 36.Bb3 Ke7
37.Bd1 Bxd1 38.Rxd1 Ne2+ 39.Kf1 Nxd4 40.Nb7 Ne6 41.Nd6 Rf8+ 42.Ke2 Rf2+ 43.Ke3 d4+
44.Ke4 Rf4+ 45.Kd5 a6 46.Nc8+ Kd7  1/2-1/2

[Event "ch-PriFO"]
[Site "Kazan RUS"]
[Date "2009.01.27"]
[Round "7"]
[White "Skomorokhin,R"]
[Black "Aldokhin,I"]
[Result "0-1"]
[WhiteElo "2413"]
[BlackElo "2251"]

1.d4 Nf6 2.Bg5 e6 3.Nd2 h6 4.Bh4 Nc6 5.e3 d6 6.Ngf3 Bd7 7.c4 g5 8.Bg3 Nh5
9.d5 Nxg3 10.hxg3 Ne5 11.Nd4 c5 12.dxc6 bxc6 13.f4 c5 14.N4b3 Ng6 15.Bd3 Bg7
16.Bxg6 fxg6 17.Ne4 Bc6 18.Qd3 O-O 19.Nxd6 Bxg2 20.Rh2 Bf3 21.Rd2 e5 22.e4 g4
23.f5 Qg5 24.Nxc5 gxf5 25.Ne6 fxe4 26.Nxg5 exd3 27.Nge4 Rad8 28.Rad1 Bxe4
29.Nxe4 Rf3 30.Nc5 e4 31.Ne6 Be5 32.Rg2 Rb8 33.b3 Bc3+  0-1

[Event "7th Gibtelecom Masters"]
[Site "Caleta ENG"]
[Date "2009.01.29"]
[Round "3"]
[White "Demac,E"]
[Black "Van Heirzeele,D"]
[Result "1/2-1/2"]
[WhiteElo "1993"]
[BlackElo "2189"]

1.d4 Nf6 2.Bg5 e6 3.e4 h6 4.Bxf6 Qxf6 5.Nf3 d6 6.Bd3 Nd7 7.c3 c6 8.Nbd2 e5
9.Qa4 Be7 10.O-O-O O-O 11.Nf1 Re8 12.Ne3 Bf8 13.Kb1 g6 14.h4 exd4 15.cxd4 Bg7
16.h5 Nc5 17.Qc2 Nxd3 18.Qxd3 g5 19.Qc2 Be6 20.Nh2 Qd8 21.Nf5 Qa5 22.a3 Bxf5
23.exf5 c5 24.dxc5 Rac8 25.Rxd6 Rxc5 26.Qd2 Qxd2 27.Rxd2 Rxf5 28.Rc1 Rfe5
29.Rc7 Re1+ 30.Rc1 Rxc1+  1/2-1/2

[Event "7th Gibtelecom Masters"]
[Site "Caleta ENG"]
[Date "2009.01.30"]
[Round "4"]
[White "Walton,A"]
[Black "Pavlovic,Milos"]
[Result "0-1"]
[WhiteElo "2189"]
[BlackElo "2520"]

1.d4 Nf6 2.Bg5 e6 3.e4 h6 4.Bxf6 Qxf6 5.Nc3 Bb4 6.Qd2 d6 7.Bc4 O-O 8.Nge2 c5
9.O-O Nc6 10.dxc5 Bxc5 11.a3 a6 12.b4 Ba7 13.Rad1 Rd8 14.Kh1 Ne5 15.Bb3 Bd7
16.Qf4 Qxf4 17.Nxf4 Rac8 18.Nfe2 Be8 19.h3 g5 20.g3 g4 21.hxg4 Nxg4 22.Kg2 Rc7
23.Rd2 Kf8 24.a4 Ke7 25.Nd1 Nf6 26.f3 d5 27.e5 Nd7 28.f4 Nb6 29.Rh1 Bxa4
30.Rxh6 Nc4 31.Bxc4 dxc4 32.Rxd8 Kxd8 33.Rh8+ Ke7 34.Ndc3 Bxc2 35.g4 Rd7
36.Ra8 Be3 37.Rb8 Bd2 38.b5 axb5 39.Nxb5 Be4+ 40.Kf2 Bb4 41.Na7 Bc5+  0-1

[Event "XXXIV Open"]
[Site "Seville ESP"]
[Date "2009.01.30"]
[Round "8"]
[White "Barrios Munoz,R"]
[Black "Razmyslov,A"]
[Result "0-1"]
[WhiteElo "2132"]
[BlackElo "2404"]

1.d4 Nf6 2.Bg5 e6 3.e4 d5 4.e5 h6 5.Be3 Nfd7 6.Nd2 c5 7.c3 Nc6 8.Nh3 cxd4
9.cxd4 Qb6 10.Nb3 Bb4+ 11.Ke2 a5 12.g4 h5 13.gxh5 Rxh5 14.Nf4 Rh4 15.Ng2 Rh8
16.f3 a4 17.Nc1 a3 18.Rb1 Bc3 19.bxc3 Qxb1 20.Bd2 Nb6 21.Ne3 Nc4 22.Nxc4 dxc4
23.Kf2 b5 24.Bg2 Ne7 25.f4 Rb8 26.Qe2 Bb7 27.Bxb7 Rxb7 28.Qf3 Nd5 29.h4 Qc2
30.Qe2 Rd7 31.Rh3 b4 32.cxb4 c3 33.Bxc3 Qxc1 34.Bd2 Qb2  0-1

[Event "7th Gibtelecom Masters"]
[Site "Caleta ENG"]
[Date "2009.01.31"]
[Round "5"]
[White "Loberg,J"]
[Black "Perman,T"]
[Result "1/2-1/2"]
[WhiteElo "1923"]
[BlackElo "2077"]

1.d4 Nf6 2.Bg5 e6 3.e4 h6 4.Bxf6 Qxf6 5.Nf3 d6 6.c3 g5 7.h3 Bg7 8.Bd3 Nc6
9.Nbd2 Bd7 10.Nf1 O-O-O 11.Ne3 h5 12.Qc2 Qf4 13.O-O-O g4 14.hxg4 hxg4 15.Nh4 Qg5
16.g3 Bh6 17.Kb1 Rdg8 18.Qe2 Ne7 19.Rde1 f5 20.exf5 exf5 21.Bb5 c6 22.Bc4 Re8
23.Neg2 Ng6 24.Qd1 Nxh4 25.Nxh4 Qd2 26.Rxe8+ Rxe8 27.Qxd2 Bxd2 28.Ng2 Be6
29.Bxe6+ Rxe6 30.Rh8+ Kd7 31.Rf8 Bh6 32.Rxf5 Re2 33.Rf7+ Ke6 34.Nf4+ Bxf4
35.Rxf4 b5 36.a4 Kd5 37.axb5 cxb5 38.Ka2 Kc4 39.Rxg4 Rxf2 40.Rg8 a5 41.Rg6 b4
42.cxb4 axb4 43.Rxd6 Rg2 44.Rg6 Kxd4 45.Kb3 Kc5 46.Rg5+ Kc6 47.Rg4 Kc5 48.Rc4+ Kd5
49.Rc2 Rxg3+ 50.Kxb4 Rg8 51.b3 Rb8+ 52.Ka3 Ra8+ 53.Kb2 Kd6 54.b4 Ra6 55.Kb3 Rc6
56.Rd2+ Kc7 57.b5 Rh6 58.Kb4 Kb6 59.Rd4 Rg6  1/2-1/2

[Event "7th Gibtelecom Masters"]
[Site "Caleta ENG"]
[Date "2009.02.03"]
[Round "8"]
[White "Peredy,F"]
[Black "Perman,T"]
[Result "1-0"]
[WhiteElo "2252"]
[BlackElo "2077"]

1.d4 Nf6 2.Bg5 e6 3.e4 h6 4.Bxf6 Qxf6 5.c3 d6 6.Bd3 Nc6 7.Ne2 g6 8.O-O Bd7
9.f4 O-O-O 10.e5 Qg7 11.Nd2 Be7 12.b4 g5 13.b5 Nb8 14.exd6 Bxd6 15.Nc4 Bxf4
16.Nxf4 gxf4 17.Ne5 f6 18.Nxd7 Nxd7 19.Qf3 Nb8 20.Be4 c6 21.bxc6 bxc6 22.Qxf4 f5
23.Bf3 Qc7 24.Qe3 Rde8 25.Rfe1 h5 26.Re2 h4 27.h3 Rhg8 28.Qd3 Rg3 29.Rae1 Qd6
30.Re5 Nd7 31.Rxf5 Reg8 32.Rf7 Kd8 33.Qh7 Kc7 34.Qxh4 c5 35.Kh1 cxd4 36.cxd4 R3g5
37.Qe4 Rb8 38.Qxe6 Qxe6 39.Rxe6 Rb1+ 40.Kh2 Rb2 41.Rc6+  1-0

[Event "7th Gibtelecom Masters"]
[Site "Caleta ENG"]
[Date "2009.02.04"]
[Round "9"]
[White "Aerni,A"]
[Black "Bates,C"]
[Result "1-0"]
[WhiteElo "2102"]
[BlackElo "2142"]

1.d4 Nf6 2.Bg5 e6 3.e4 h6 4.Bxf6 Qxf6 5.c3 e5 6.Nf3 exd4 7.cxd4 Bb4+ 8.Nc3 Bxc3+
9.bxc3 O-O 10.e5 Qc6 11.Qc2 d6 12.Bd3 Nd7 13.Be4 d5 14.Bd3 Nb6 15.O-O Qa4
16.Qe2 Bd7 17.Rab1 Rac8 18.Nh4 c5 19.Nf5 Bxf5 20.Bxf5 Rc7 21.e6 Qe8 22.dxc5 Re7
23.cxb6 fxe6 24.Bc2 a6 25.c4  1-0

[Event "7th Gibtelecom Masters"]
[Site "Caleta ENG"]
[Date "2009.02.04"]
[Round "9"]
[White "Loberg,J"]
[Black "Flores Chico,J"]
[Result "0-1"]
[WhiteElo "1923"]
[BlackElo "2121"]

1.d4 Nf6 2.Bg5 e6 3.e4 Be7 4.Bxf6 gxf6 5.g3 d5 6.Bg2 dxe4 7.Bxe4 h5 8.Nc3 c6
9.Qd2 Qa5 10.Nge2 Nd7 11.Nc1 h4 12.Nb3 Qh5 13.Qe2 Nb6 14.Qxh5 Rxh5 15.O-O-O Bd7
16.Bg2 O-O-O 17.h3 Rg8 18.Rd3 f5 19.Re1 Rhg5 20.Ne2 Bd6 21.Rh1 R5g7 22.Bf1 hxg3
23.Nxg3 Bxg3 24.Rxg3 Rxg3 25.fxg3 Rxg3 26.h4 Rg8 27.h5 Nd5 28.Nd2 Rh8 29.Be2 f6
30.h6 Rh7 31.Nf3 Ne7 32.Ne1 Ng8 33.Ng2 Rxh6 34.Rxh6 Nxh6 35.Nf4 Kd8 36.Bc4 e5  0-1

[Event "7th Gibtelecom Masters"]
[Site "Caleta ENG"]
[Date "2009.02.05"]
[Round "10"]
[White "Mozelius,P"]
[Black "Carlsen,E"]
[Result "1/2-1/2"]
[WhiteElo "1916"]
[BlackElo "1888"]

1.d4 Nf6 2.Bg5 e6 3.e3 h6 4.Bh4 d5 5.Nd2 c5 6.c3 Nc6 7.Ngf3 a6 8.Bd3 Bd7
9.Ne5 Be7 10.f4 Rc8 11.Qf3 Nxe5 12.fxe5 Nh7 13.Bxe7 Qxe7 14.Qg3 O-O 15.O-O Bb5
16.Bxb5 axb5 17.Rac1 Rc7 18.Rf4 f5 19.exf6 Rxf6 20.Rcf1 Rc8 21.h3 b6 22.Nf3 Rcf8
23.Ne5 Rxf4 24.exf4 Qe8 25.Qe3 c4 26.a3 Nf6 27.f5 exf5 28.Rxf5 Ne4 29.Rxf8+ Qxf8
30.Qf3 Qe7 31.Qf5 Qh4 32.Qe6+ Kh7 33.Qf5+ Kg8 34.Qf8+ Kxf8 35.Ng6+ Kf7 36.Nxh4 Ke6
37.Nf3 Nf6 38.Kf2 Nd7 39.Ke3 g5 40.Ne1 Kf5 41.Kf3 Nf6 42.Nc2 h5 43.Ne3+ Ke6
44.g4 h4 45.Nf5 Ne4 46.Ne3 Nd2+ 47.Ke2 Ne4 48.Nc2 Kd6  1/2-1/2

[Event "Tancats de la Societat Coral C MC"]
[Site "Sabadell ESP"]
[Date "2009.02.06"]
[Round "3"]
[White "Campos Cayuelas,M"]
[Black "Gallego Bergada,A"]
[Result "1-0"]
[WhiteElo "2117"]
[BlackElo "2034"]

1.d4 Nf6 2.Bg5 e6 3.e4 Be7 4.Bxf6 Bxf6 5.e5 Be7 6.Qg4 Bf8 7.Nc3 d5 8.f4 Bd7
9.Bd3 Nc6 10.Nf3 Nb4 11.O-O-O Nxd3+ 12.Rxd3 b6 13.Re1 g6 14.Ng5 c6 15.Rh3 h5
16.Qe2 Bh6 17.Rg3 Qe7 18.h4 Qb4 19.Qd3 Qe7 20.a3 Bxg5 21.fxg5 c5 22.Rf3 c4
23.Qe2 b5 24.Ref1 Rh7 25.Qf2 a5 26.Ne2 b4 27.Nf4 O-O-O 28.axb4 axb4 29.c3 Kc7
30.cxb4 Qxb4 31.Ra3 Rb8 32.Qc2 Kd8 33.Ne2 Qb6 34.Qd2 Ke8 35.Rf6 Ke7 36.Nc3 Qb7
37.Nd1 Qb6 38.Rff3 Bc6 39.Ra5 Rb7 40.Rfa3 Rh8 41.Qf4 Rhb8 42.Qf6+ Ke8 43.Ra6 Qc7
44.Rf3 Bd7 45.Qxf7+ Kd8 46.Qf8+  1-0

[Event "14th HIT Open"]
[Site "Nova Gorica SLO"]
[Date "2009.02.07"]
[Round "9"]
[White "De Val,D"]
[Black "Simutowe,A"]
[Result "0-1"]
[WhiteElo "2237"]
[BlackElo "2485"]

1.d4 Nf6 2.Bg5 e6 3.Nd2 h6 4.Bh4 g5 5.Bg3 Nc6 6.c3 d6 7.e4 Bg7 8.Bd3 Qe7
9.b4 a6 10.a4 b6 11.Rb1 Bb7 12.Qe2 a5 13.b5 Nb8 14.f3 Nh5 15.Nh3 Nxg3 16.hxg3 Nd7
17.Nf2 h5 18.Nd1 O-O-O 19.Ne3 h4 20.g4 Nf8 21.Nb3 d5 22.exd5 exd5 23.Nf5 Qxe2+
24.Kxe2 Bf6 25.Ne3 Ne6 26.Bf5 Kb8 27.Bxe6 fxe6 28.Kf2 Kc8 29.Nc1 e5 30.Nf5 Rde8
31.Nd3 e4 32.Ne1 Re6 33.Nc2 exf3 34.gxf3 Rhe8 35.Nce3 Kb8 36.Rb2 Ka7 37.Rbb1 Rd8
38.Rb3 Rd7 39.Rb2 c6 40.Rb3 cxb5 41.Rxb5 Bd8 42.Rb3 Bc6 43.Ra1 Bc7 44.Rb2 Bg3+
45.Kg1 Bf4 46.Ng2 Bc7 47.Ne1 Bxa4 48.Nd3 Bc6 49.f4 gxf4 50.Nxh4 Re3  0-1

[Event "80th ch-GER"]
[Site "Saarbruecken GER"]
[Date "2009.02.09"]
[Round "4"]
[White "Vatter,H"]
[Black "Beikert,G"]
[Result "0-1"]
[WhiteElo "2322"]
[BlackElo "2470"]

1.d4 Nf6 2.Bg5 e6 3.Nd2 h6 4.Bh4 d5 5.e3 Be7 6.Bd3 b6 7.Ngf3 Nbd7 8.Qe2 Bb7
9.c3 Ne4 10.Bxe7 Qxe7 11.Ba6 Bxa6 12.Qxa6 Nxd2 13.Nxd2 O-O 14.Nf3 c5 15.O-O Rfc8
16.Rfe1 Rc7 17.Qe2 Nf6 18.Ne5 Qe8 19.a4 c4 20.f3 b5 21.axb5 Qxb5 22.b4 a5
23.Ra3 Rca7 24.Rea1 a4 25.Qf2 Ne8 26.Qc2 Nd6 27.Re1 Qe8 28.e4 f6 29.Ng4 Qg6
30.Ra2 a3 31.exd5 Qxc2 32.Rxc2 exd5 33.Ra1 Re8 34.Kf2 Rae7 35.Rxa3 h5 36.Ra6 Nb5
37.Rb6 Nc7 38.Nxf6+ gxf6 39.Rxf6 Nb5 40.Rf5 Re3 41.Rxd5 Nxc3 42.Rxh5 Re2+
43.Rxe2 Rxe2+ 44.Kg3 Rb2 45.Rg5+ Kf7 46.Kf4 Ne2+ 47.Ke4 c3 48.Rc5 c2 49.Kd3 c1=Q
50.Rxc1 Nxc1+ 51.Kc4 Rxg2 52.b5 Ke6  0-1

[Event "ch-VIE Stage1"]
[Site "Ha Noi VIE"]
[Date "2009.02.15"]
[Round "1"]
[White "Ngo Ngoc Quang"]
[Black "Dong Bao Nghia"]
[Result "1/2-1/2"]
[WhiteElo "2275"]
[BlackElo "2066"]

1.d4 Nf6 2.Bg5 e6 3.Nf3 d5 4.e3 Nbd7 5.Bd3 Be7 6.Nbd2 b6 7.e4 dxe4 8.Nxe4 Bb7
9.Qe2 Nxe4 10.Bxe4 Bxe4 11.Qxe4 Bxg5 12.Nxg5 h6 13.Nf3 O-O 14.O-O c5 15.Rad1 Qc7
16.Rd2 Rad8 17.Rfd1 cxd4 18.Qxd4 Nf6 19.Qa4 Rd5 20.Rxd5 Nxd5 21.c3 Qb7 22.h3 b5
23.Qe4 Rc8 24.Ne5 Qe7 25.Rd3 Nf6 26.Qd4 a6 27.Qd6 Qb7 28.Nd7 Qxd7 29.Qxd7 Nxd7
30.Rxd7 g6 31.Kf1 Kg7 32.Ke2 Kf6 33.Kd3 Rc6 34.Ke4 Rc4+ 35.Rd4 Rc6 36.a4 e5
37.axb5 axb5 38.Rd5 b4 39.cxb4 Rc4+ 40.Kd3 Rxb4 41.Kc3 Rb7 42.b4 Ke6 43.Rc5 Kd6
44.Kc4 Ra7 45.Ra5 Rc7+ 46.Kd3 h5 47.Ra6+ Kd5 48.Ra5+ Kd6 49.Ra2 Kd5 50.f3 g5
51.Ra5+ Kd6 52.g4 hxg4 53.hxg4 Rc1 54.Ra7 Rb1 55.Kc4 Rc1+ 56.Kb5 f6 57.Ra6+ Ke7
58.Rc6 Rf1 59.Rc3 f5 60.gxf5 Kf6 61.Kc6 Kxf5 62.b5 Kf4 63.b6 e4 64.b7 Rb1
65.fxe4 Kxe4 66.Rc5 Rxb7  1/2-1/2

[Event "2nd Pfalz Open"]
[Site "Neustadt an der Weinstrasse GER"]
[Date "2009.02.16"]
[Round "2"]
[White "Yemelin,V"]
[Black "Jacob,V"]
[Result "1/2-1/2"]
[WhiteElo "2578"]
[BlackElo "2267"]

1.d4 Nf6 2.Bg5 e6 3.Nd2 h6 4.Bh4 d5 5.e3 Be7 6.Bd3 b6 7.c3 Bb7 8.Bxf6 Bxf6
9.f4 Nd7 10.Ngf3 Qe7 11.a4 c5 12.a5 c4 13.Bc2 b5 14.a6 Bc6 15.O-O Nb6 16.Ne5 Bxe5
17.fxe5 O-O-O 18.b3 f6 19.Nf3 f5 20.bxc4 Nxc4 21.Qe2 g5 22.Nd2 h5 23.Nb3 Rdf8
24.Na5 Qc7 25.Nxc6 Qxc6 26.Bd3 Kc7 27.Rfb1 Rb8 28.Bxc4 Qxc4 29.Qd2 Kd7 30.Ra3 Rb6
31.Rb4 Qc6 32.Qe2 g4 33.Qa2 Ke7 34.Kf2 h4 35.Ke2 Rhb8 36.Kd2 Qc8 37.Qa1 Qh8
38.Qf1 Qh6 39.Kd3 Kd7 40.Qf2 Kc6 41.Rb1 Rf8 42.Rf1 Kd7 43.Qf4  1/2-1/2

[Event "ch-VIE Stage1"]
[Site "Ha Noi VIE"]
[Date "2009.02.19"]
[Round "6"]
[White "Bui Vinh"]
[Black "Nguyen Hoang Nam1"]
[Result "1-0"]
[WhiteElo "2509"]
[BlackElo "2281"]

1.d4 Nf6 2.Bg5 e6 3.e3 h6 4.Bh4 d6 5.c4 g5 6.Bg3 Ne4 7.Nc3 Nxg3 8.hxg3 Bg7
9.Nf3 b6 10.Bd3 Bb7 11.Be4 d5 12.cxd5 exd5 13.Bd3 Nd7 14.Qb3 Nf6 15.Rc1 O-O
16.Ne5 Re8 17.Qd1 c5 18.f4 cxd4 19.exd4 Nd7 20.Qh5 Nxe5 21.fxe5 Bc8 22.O-O Be6
23.Nb5 Re7 24.Rf6 Qf8 25.Rf3 Rd7 26.Rc6 Qe7 27.Rxe6 Qxe6 28.Bf5 Qc6 29.Bxd7 Qxd7
30.Nd6 Rf8 31.Nf5 Qa4 32.Kh2 Qc2 33.Ne7+ Kh7 34.Rxf7  1-0

[Event "ch-VIE Stage1"]
[Site "Ha Noi VIE"]
[Date "2009.02.19"]
[Round "6"]
[White "Nguyen Duc Hoa"]
[Black "Le Tuan Minh"]
[Result "1-0"]
[WhiteElo "2342"]
[BlackElo "2068"]

1.d4 Nf6 2.Bg5 e6 3.e4 h6 4.Bxf6 Qxf6 5.Nf3 d6 6.Nc3 Nd7 7.Qe2 Qd8 8.O-O-O Be7
9.h4 c5 10.Qe3 a6 11.Rh3 Qa5 12.Kb1 b5 13.Rg3 Rg8 14.e5 cxd4 15.Qxd4 dxe5
16.Qe4 Ra7 17.Nxe5 Nxe5 18.Qxe5 Qc7 19.Qh5 b4 20.Ne4 Bb7 21.Bd3 Ra8 22.Re1 Rd8
23.Rf3 Rf8 24.Qg4 Rg8 25.Rfe3 Bd5 26.f4 f5 27.Qg6+ Kf8 28.Ng3 Bf6 29.Rxe6 Bxe6
30.Rxe6 Qf7 31.Qxf5 Bxh4 32.Qc5+ Be7 33.Qe3 a5 34.Nf5 Rd7 35.b3 h5 36.Kc1 Rh8
37.Bb5 Rc7 38.Qe5 Rb7 39.Nxe7 Rxb5 40.Ng6+ Kg8 41.Re8+ Kh7 42.Rxh8+ Kxg6
43.Qxb5 Qxf4+ 44.Kb1 Qf2 45.Qxh5+ Kf6 46.Rf8+  1-0

[Event "It B"]
[Site "Nancy FRA"]
[Date "2009.02.19"]
[Round "5"]
[White "Paci,C"]
[Black "Pucher,O"]
[Result "1-0"]
[WhiteElo "2300"]
[BlackElo "2338"]

1.d4 Nf6 2.Bg5 e6 3.e4 c5 4.d5 d6 5.Nc3 Be7 6.Bb5+ Bd7 7.dxe6 fxe6 8.Bc4 O-O
9.Nf3 Nc6 10.e5 dxe5 11.O-O a6 12.a4 Qc7 13.Bxf6 gxf6 14.Nh4 f5 15.Qh5 Kg7
16.Ra3 Be8 17.Nb5 axb5 18.Rg3+ Kh8 19.Qh6 Bd6 20.Bxe6 Nd4 21.Qxf8+ Bxf8 22.Rg8+  1-0

[Event "ch-VIE Stage1"]
[Site "Ha Noi VIE"]
[Date "2009.02.20"]
[Round "8"]
[White "Bui Vinh"]
[Black "Nguyen Van Hai"]
[Result "1-0"]
[WhiteElo "2509"]
[BlackElo "2224"]

1.d4 Nf6 2.Bg5 e6 3.Nd2 d5 4.e3 Be7 5.Bd3 c5 6.c3 Nc6 7.f4 Qc7 8.Ngf3 Bd7
9.Ne5 h6 10.Bxf6 gxf6 11.Nxd7 Qxd7 12.Qh5 Bd6 13.O-O f5 14.a3 O-O-O 15.b4 c4
16.Bc2 Rdg8 17.Rf3 Qe7 18.Rg3 Qf6 19.Kf2 Rg6 20.Nf3 Rhg8 21.Rxg6 Qxg6 22.Qh3 Qg4
23.Qg3 Nb8 24.Ne5 Bxe5 25.Qxg4 Rxg4 26.h3 Rg7 27.fxe5 Nd7 28.g4 fxg4 29.hxg4 Rxg4
30.Rh1 Kd8 31.Rxh6 Ke7 32.Rh8 Nf8 33.a4 b6 34.a5 b5 35.Bd1 Rg6 36.Bh5 Rg5
37.Bf3 Rf5 38.Ke2 Rg5 39.e4 dxe4 40.Bxe4 Rg3 41.Kd2 Rg4 42.Bc6 Rg1 43.a6 Ra1
44.Bxb5 Ra2+ 45.Kc1 Ra3 46.Kb2  1-0

[Event "ch-VIE Stage1"]
[Site "Ha Noi VIE"]
[Date "2009.02.20"]
[Round "8"]
[White "Ngo Ngoc Quang"]
[Black "Le Tuan Minh"]
[Result "1/2-1/2"]
[WhiteElo "2275"]
[BlackElo "2068"]

1.d4 Nf6 2.Bg5 e6 3.Nf3 h6 4.Bxf6 Qxf6 5.e4 d6 6.Nc3 Nd7 7.Bd3 a6 8.e5 dxe5
9.Ne4 Qe7 10.Nxe5 Nxe5 11.dxe5 Bd7 12.Qe2 Bc6 13.O-O O-O-O 14.Rab1 Rd5 15.f4 Qd7
16.b4 Rd4 17.Rfd1 Rxb4 18.Rxb4 Bxb4 19.Bxa6 Qe7 20.Qc4 Bd5 21.Rxd5 exd5 22.Qxd5 c6
23.Qxc6+ Kb8 24.Qb6 Rc8 25.Bd3 Bc5+ 26.Nxc5 Qxc5+ 27.Qxc5 Rxc5 28.g3 Kc7
29.Kf2 Kd7 30.Ke3 Ke7 31.Kd4 b6 32.Bc4 g6 33.a4 h5 34.h4 Rc7  1/2-1/2

[Event "It B"]
[Site "Nancy FRA"]
[Date "2009.02.20"]
[Round "7"]
[White "Sondermann,J"]
[Black "Pucher,O"]
[Result "1-0"]
[WhiteElo "2152"]
[BlackElo "2338"]

1.d4 Nf6 2.Bg5 e6 3.e4 c5 4.d5 d6 5.Nc3 Be7 6.Bb5+ Bd7 7.Bxd7+ Qxd7 8.Nf3 O-O
9.a4 exd5 10.exd5 Na6 11.O-O Nb4 12.Re1 Rfe8 13.Re2 Qf5 14.Rd2 Rad8 15.h3 h6
16.Bh4 Nd7 17.g4 Qg6 18.Bxe7 Rxe7 19.Nh4 Qf6 20.Nf5 Re5 21.f4 Rxf5 22.gxf5 Nb6
23.Qg4 Nc4 24.Re2 Nxb2 25.Ne4 Qd4+ 26.Kh2 Nxd5 27.Rg1 c4 28.Qh4 Re8 29.f6 Rxe4
30.Rxg7+ Kf8 31.Rg8+ Kxg8 32.Qg4+  1-0

[Event "ch-VIE Stage1"]
[Site "Ha Noi VIE"]
[Date "2009.02.21"]
[Round "9"]
[White "Nguyen Duc Hoa"]
[Black "Doan Van Duc"]
[Result "1-0"]
[WhiteElo "2342"]
[BlackElo "2106"]

1.d4 Nf6 2.Bg5 e6 3.e4 h6 4.Bxf6 Qxf6 5.Nf3 b6 6.Bd3 Bb7 7.Nbd2 Nc6 8.e5 Qe7
9.c3 d6 10.Qe2 O-O-O 11.Nc4 g5 12.a4 g4 13.exd6 cxd6 14.Nfd2 d5 15.Ne5 Nxe5
16.Qxe5 Rg8 17.Qe2 Qc7 18.a5 Kb8 19.axb6 axb6 20.Ba6 Bc6 21.Bb5 Bb7 22.O-O Bd6
23.g3 h5 24.Rfc1 h4 25.Qd3 f5 26.c4 hxg3 27.fxg3 Rh8 28.c5 bxc5 29.Qa3 Qb6
30.dxc5 Bxc5+ 31.Qxc5 Qxc5+ 32.Rxc5 Rd6 33.Re1 Rc8 34.b4 Ka7 35.Nb3 Rb6 36.Nd4 Rf8
37.Nxe6 Rf7 38.Nd8 Rff6 39.Nxb7 Rxb7 40.Ra1+ Kb8 41.Bc6 Rxb4 42.Bxd5  1-0

[Event "ch-VIE Stage1"]
[Site "Ha Noi VIE"]
[Date "2009.02.21"]
[Round "9"]
[White "Hoang Van Ngoc"]
[Black "Le Tuan Minh"]
[Result "1-0"]
[WhiteElo "2195"]
[BlackElo "2068"]

1.d4 Nf6 2.Bg5 e6 3.e4 h6 4.Bxf6 Qxf6 5.Nf3 d6 6.Nc3 Qd8 7.Bd3 Be7 8.Qe2 a6
9.O-O Nd7 10.e5 d5 11.Nd1 c5 12.c3 Qb6 13.Ne3 Nb8 14.Rac1 Nc6 15.Rfd1 Bd7
16.Bb1 Rc8 17.Nf1 c4 18.h3 Kd8 19.Ne3 Na5 20.Ne1 Kc7 21.Qf3 Rhf8 22.Rd2 Kb8
23.Qg3 g6 24.f4 Qc7 25.Bc2 b5 26.Nf3 b4 27.Ng4 h5 28.Ne3 bxc3 29.bxc3 Ka7
30.Ng5 Rb8 31.Bb1 Nc6 32.Qf2 Qa5 33.Nh7 Rfc8 34.Nf6 Qa3 35.Rdd1 Bxf6 36.exf6 Rb2
37.Qf3 Rcb8 38.Nxd5 exd5 39.Qxd5 R8b7 40.Be4 R2b5 41.Qxc4 Qd6 42.a4 Ra5 43.Rb1 Rxb1
44.Rxb1 Nd8 45.Bc2 Qxf4 46.Qb4 Qc7 47.Qe7 Rd5 48.Be4 Rd6 49.Bf3 Re6 50.Qxd8 Re1+
51.Kf2 Re2+ 52.Kxe2 Qc4+ 53.Kf2 Qa2+ 54.Kg3 h4+ 55.Kh2 Qxb1 56.Qc7+  1-0

[Event "ch-VIE KO Places"]
[Site "Ha Noi VIE"]
[Date "2009.02.24"]
[Round "1.2"]
[White "Hoang Van Ngoc"]
[Black "Nguyen Van Hai"]
[Result "1/2-1/2"]
[WhiteElo "2195"]
[BlackElo "2224"]

1.d4 Nf6 2.Bg5 e6 3.e4 h6 4.Bxf6 Qxf6 5.Nf3 d6 6.Nc3 g5 7.h3 Bg7 8.Qd2 Nc6
9.Bb5 Bd7 10.d5 Ne5 11.Nxe5 Qxe5 12.Bxd7+ Kxd7 13.O-O-O b5 14.Rde1 b4 15.Na4 Rab8
16.g3 Rb5 17.f4 gxf4 18.gxf4 Qd4 19.Qe2 Ra5 20.Rd1 Qf6 21.Qc4 Rxa4 22.e5 Qf5
23.Qc6+ Kc8 24.Qa8+ Kd7 25.Qc6+ Kc8 26.Qa8+ Kd7 27.Qc6+ Kc8  1/2-1/2

[Event "ch-EST"]
[Site "Rakvere EST"]
[Date "2009.02.25"]
[Round "8"]
[White "Neff,S"]
[Black "Kulaots,K"]
[Result "0-1"]
[WhiteElo "2239"]
[BlackElo "2573"]

1.d4 Nf6 2.Bg5 e6 3.Nf3 h6 4.Bh4 d6 5.Nbd2 g5 6.Bg3 Nh5 7.e3 Bg7 8.c3 Nd7
9.a4 Qe7 10.a5 a6 11.Bc4 Nxg3 12.hxg3 Nf6 13.Qc2 Bd7 14.b4 g4 15.Nh4 c5 16.bxc5 dxc5
17.O-O O-O 18.Ne4 cxd4 19.exd4 Bc6 20.Nc5 Rfe8 21.Rfe1 Qd6 22.Rab1 Rac8 23.Ba2 Rc7
24.Rb6 Qd8 25.Rxe6 fxe6 26.Nxe6 Rxe6 27.Bxe6+ Kf8 28.Ng6+ Ke8 29.Qe2 Re7
30.Nxe7 Qxe7 31.c4 Be4 32.Bxg4 Kd8 33.Re6 Qb4 34.Rxe4 Qb1+ 35.Qe1 Qxe4 36.Qxe4 Nxe4
37.Bf3 Nd2 38.Bxb7 Bxd4 39.Bxa6 Ne4 40.Kf1 Nxf2 41.Ke2 Ke7 42.Bb7 Kf6 43.Bf3 Bc5
44.Bd5 Ng4 45.a6 Ne5 46.Bb7 Kg5 47.Bc8 Nxc4 48.Kd3 Nd6 49.Bd7 Kf6 50.Ke2 Nc4
51.Bc8 Ne5 52.Kd2 Ke7 53.Ke2 Kd8 54.Bb7 Kc7 55.Ke1 Kb6 56.Ke2 Ka5 57.Bc8 Ba7
58.Bb7 Kb5 59.Bc8 Bb6 60.Bb7 Nd7 61.Kf3 Nc5 62.Kg4 Nxa6 63.Kh5 Be3 64.Bxa6+ Kxa6
65.Kh4 Kb5 66.Kh3 Kc4 67.Kh2 Kd3 68.Kh1 Ke2 69.Kh2 Kf1 70.Kh1 Bg1 71.g4 Bc5
72.Kh2 Bd6+ 73.g3  0-1

[Event "10th EICC w"]
[Site "St Petersburg RUS"]
[Date "2009.03.08"]
[Round "1"]
[White "Ovod,E"]
[Black "Danelia,M"]
[Result "1-0"]
[WhiteElo "2430"]
[BlackElo "2219"]

1.d4 Nf6 2.Bg5 e6 3.e3 c5 4.Nd2 cxd4 5.exd4 d5 6.Ngf3 Nc6 7.c3 Be7 8.Bd3 h6
9.Bh4 Nh5 10.Bxe7 Qxe7 11.g3 O-O 12.Ne5 Nxe5 13.dxe5 g6 14.O-O Bd7 15.Nf3 Ng7
16.Qd2 Kh7 17.Rae1 a6 18.Nd4 Rac8 19.Kg2 Qc5 20.h4 Nf5 21.h5 Kg7 22.hxg6 fxg6
23.Rh1 Rh8 24.Bxf5 gxf5 25.Rh5 Qf8 26.Reh1 Kg6 27.Qf4 Qg7 28.Kf3 Rcf8 29.Ke3 Rh7
30.R1h4 Kf7 31.Rxh6 Rfh8 32.Rxh7 Rxh7 33.Nf3 Ke8 34.Rxh7 Qxh7 35.Qh4 Qg7
36.Kf4 Qg8 37.Qh5+ Kf8 38.Qh6+ Ke8 39.Ng5 a5 40.Qh7 Qf8 41.Qg6+ Ke7 42.Nh7 Qf7
43.Qf6+ Ke8 44.Qh8+ Ke7 45.Nf6 Bc6 46.Kg5 a4 47.a3 Bb5 48.Kh6 b6 49.Qc8 Qf8+
50.Qxf8+ Kxf8 51.Kg6 Bc6 52.Nh7+ Ke7 53.Kg7 Bb5 54.Nf8 Bc4 55.Ng6+ Kd7 56.Kf6 Kc6
57.Nf4 Kb5 58.Nxe6 Bd3 59.Nd4+  1-0

[Event "FSGM March"]
[Site "Budapest HUN"]
[Date "2009.03.09"]
[Round "3"]
[White "Nguyen Huynh Minh Huy"]
[Black "Kjartansson,G"]
[Result "1-0"]
[WhiteElo "2465"]
[BlackElo "2365"]

1.d4 Nf6 2.Bg5 e6 3.e4 h6 4.Bxf6 Qxf6 5.Nc3 d6 6.Qd2 g5 7.O-O-O Bg7 8.g3 Nc6
9.Bb5 Bd7 10.Nge2 O-O-O 11.f4 gxf4 12.gxf4 h5 13.Kb1 Rhg8 14.Qe3 a6 15.Ba4 Kb8
16.Rhg1 Ne7 17.Bxd7 Rxd7 18.Rg5 h4 19.Rdg1 Rdd8 20.Qh3 Ng6 21.a3 Bh6 22.R5g4 Nxf4
23.Qf3 Rxg4 24.Rxg4 e5 25.Nxf4 exf4 26.Qf2 Re8 27.Rxh4 f3 28.Rh3 Be3 29.Qf1 Bxd4
30.Rxf3 Qh4 31.Qc4 Bxc3 32.Qxf7 Re7 33.Qf8+ Ka7 34.Rxc3 Qe1+ 35.Ka2 Qxe4
36.Qf2+ c5 37.Rd3 Re6 38.Qd2 Qc4+ 39.Kb1 Rf6 40.Qg2 Qf7 41.Rd1 Rf2 42.Qg3 Qf5
43.Rd3 d5 44.Qg7 d4 45.Qc7 Rf1+ 46.Ka2 Qd5+ 47.b3 Rf7 48.Qg3 a5 49.Qe1 Ka6
50.Qe2 b5 51.Rh3 a4 52.Rh6+ Ka5 53.Qd2+ b4 54.axb4+ cxb4 55.Qd3 axb3+ 56.Kb2 Ra7
57.Rf6 bxc2 58.Rf5 c1=Q+ 59.Kxc1 Rc7+ 60.Kb2 Qxf5 61.Qxf5+ Ka4 62.Qf6 Kb5
63.Qxd4 Rc3 64.h4 Ka4 65.Qxc3  1-0

[Event "FSGM March"]
[Site "Budapest HUN"]
[Date "2009.03.11"]
[Round "5"]
[White "Nguyen Huynh Minh Huy"]
[Black "Agopov,M"]
[Result "1-0"]
[WhiteElo "2465"]
[BlackElo "2433"]

1.d4 Nf6 2.Bg5 e6 3.e4 h6 4.Bxf6 Qxf6 5.Nc3 Bb4 6.a3 Bxc3+ 7.bxc3 d6 8.Bd3 Nc6
9.Ne2 e5 10.Qd2 Bd7 11.Qe3 g5 12.O-O Ne7 13.Rab1 b6 14.Bb5 c6 15.Ba6 O-O
16.Ng3 Ng6 17.Be2 Nf4 18.h3 Be6 19.Bg4 Qh8 20.Bh5 Rae8 21.Qd2 c5 22.d5 Bc8
23.Bg4 Ba6 24.Rfe1 Qf6 25.Qd1 Bc4 26.Qf3 Rb8 27.Nf5 h5 28.Bxh5 Bxd5 29.Rbd1 Be6
30.Rxd6 Rfd8 31.Rxd8+ Rxd8 32.Ne3 Rd2 33.Bg4 Bxg4 34.Nxg4 Qe6 35.Kh2 Kf8
36.g3 Ng6 37.Qe3 Qd6 38.Re2 Rxe2 39.Qxe2 c4 40.Qxc4 Qxa3 41.Qc8+ Kg7 42.Qc6 Kf8
43.Ne3 Ne7 44.Qh6+ Ke8 45.Qxg5 Qc5 46.h4 a5 47.h5 a4 48.h6 Ng6 49.h7 Qf8
50.Qf6 Qh6+ 51.Kg1 Qxh7 52.Qxb6  1-0